000
00304nam a22001337a 4500
020
_q
HB.
040
_c
FIZZA ISHAQ
082
_a
658
_b
JIM
100
_a
COLLINS,JIM
_9
20655
245
_a
GOOD TO GREAT /
_c
JIM COLLINS.
260
_a
NEW YORK ;
_b
COLLINS,
_c
2001.
300
_a
300 P. ;
942
_2
ddc
_c
BK
999
_c
616670
_d
616670